Cómo dar respuesta a los conflictos: la disciplina en la enseñanza secundaria

Shranjeno v:
Bibliografske podrobnosti
Main Authors: Casamayor, G (Author), Antúnez, S (Author), Armejach, R (Author), Checa, P (Author), Giné, N (Author), Notó, C (Author), Rodón, A (Author), Uranga, M (Author), Viñas, J (Author)
Format: Knjiga
Jezik:španščina
Izdano: Barcelona Graó 1999
Izdaja:3a. ed
Serija:Biblioteca de Aula, 128
Teme:
Oznake: Označite
Brez oznak, prvi označite!

MARC

LEADER 00000nam a2200000 a 4500
001 UCN0427
003 CL-VaPUC
008 010323e19991200SP |||||||||||||||||spa|d
082 0 4 |a 371.5  |b CAS  |2 21 
100 0 |a Casamayor, G  |e author  |9 455648 
700 0 |a Antúnez, S  |e author  |9 455649 
700 0 |a Armejach, R  |e author  |9 455650 
700 0 |a Checa, P  |e author  |9 455651 
700 0 |a Giné, N  |e author  |9 455652 
700 0 |a Notó, C  |e author  |9 455653 
700 0 |a Rodón, A  |e author  |9 455654 
700 0 |a Uranga, M  |e author  |9 455655 
700 0 |a Viñas, J  |e author  |9 455656 
245 1 0 |a Cómo dar respuesta a los conflictos: la disciplina en la enseñanza secundaria 
250 |a 3a. ed 
300 |a 159 p 
942 |c BK 
945 |d 20010323 00:00:00  |a cmena 
260 |a Barcelona  |b Graó  |c 1999 
650 0 |a Disciplina escolar  |9 271077 
650 0 |a Conflictos  |9 332195 
650 0 |a Relaciones interpersonales  |9 307056 
583 |a last modification  |c 20010323 00:00:00  |k Rodrigo Vera 
490 0 |a Biblioteca de Aula, 128 
999 |c 294175  |d 294173 
952 |0 0  |1 0  |4 0  |6 371_500000000000000_CAS_1999  |7 0  |8 A  |9 346100  |a BIBEDU  |b BIBEDU  |d 2019-11-20  |i 3697614  |o 371.5 CAS 1999  |p 3697614  |r 2019-11-20  |w 2019-11-20  |y BK  |k EPE